000 00564nam a22001817a 4500
005 20231107080815.0
008 231107b |||||||| |||| 00| 0 eng d
020 _a0409013609
041 _aEnglish
082 _a346.47 BUR
100 _aBurrell, TD
_lEnglish
245 _aBurrell's South African Patent and Design Law /
_cTD Burrell
250 _aThird Edition
260 _aDurban :
_bButterworth Publisher (Pty) Ltd,
_c1999
300 _bxiii, 1080 pages ;
_c25,5 cm.
650 _aLegal practice
_bLaw
942 _cBK
_6ALISON_BN_VRIES
999 _c351
_d351